LIBRARY & INFORMATION CENTRE, KCAET, TAVANUR

ONLINE PUBLIC ACCESS CATALOGUE (OPAC)

Anthardhara / (Record no. 593)

MARC details
000 -LEADER
fixed length control field 00471cam a2200181ua 4500
041 ## - LANGUAGE CODE
Language code of text/sound track or separate title mal
082 ## - DEWEY DECIMAL CLASSIFICATION NUMBER
Classification number 894.812 4
Item number RAD/AN
100 ## - MAIN ENTRY--AUTHOR NAME
Personal name Radhakrishnan, C .
245 ## - TITLE STATEMENT
Title Anthardhara /
260 ## - PUBLICATION, DISTRIBUTION, ETC. (IMPRINT)
Place of publication Kottayam :
Name of publisher Sahitya Pravarthaka Co-operative Society ,
Year of publication 1969.
300 ## - PHYSICAL DESCRIPTION
Number of Pages 100 ; .
650 ## - SUBJECT ADDED ENTRY--TOPICAL TERM
Topical Term Literary Discussion
942 ## - ADDED ENTRY ELEMENTS (KOHA)
Koha item type Books
Holdings
Withdrawn status Lost status Damaged status Home library Current library Date acquired Full call number Accession Number Koha item type
      KAUAET KAUAET 07/04/2012 894.812 4 12707 Books
free website counter